Slovak Economic Association Meeting (SEAM 2017) book of abstracts
Saved in:
| Corporate Authors: | , , , , |
|---|---|
| Other Authors: | , |
| Format: | Book |
| Language: | Slovak |
| Published: |
Bratislava
EKONÓM
2017
|
| Edition: | 1st edition |
| Subjects: | |
| Tags: |
No Tags, Be the first to tag this record!
|
MARC
| LEADER | 00000nam a2200000 4500 | ||
|---|---|---|---|
| 001 | 0240040 | ||
| 005 | 20240502073907.7 | ||
| 020 | |a 978-80-225-4421-4 | ||
| 041 | 0 | |a slo | |
| 044 | |a SK | ||
| 245 | 1 | 0 | |a Slovak Economic Association Meeting (SEAM 2017) |b book of abstracts |c editors: Eduard Baumöhl, Tomáš Výrost |
| 250 | |a 1st edition | ||
| 264 | 1 | |a Bratislava |b EKONÓM |c 2017 | |
| 300 | |a 43 s. [4 AH] |e conference program | ||
| 500 | |a Signatúra 900829 neobsahuje prílohu. | ||
| 610 | 2 | 0 | |a financie |
| 610 | 2 | 0 | |a ekonómia behaviorálna |
| 610 | 2 | 0 | |a ekonómia experimentálna |
| 610 | 2 | 0 | |a vzdelávanie |
| 610 | 2 | 0 | |a politika daňová |
| 610 | 2 | 0 | |a práca |
| 610 | 2 | 0 | |a korupcia |
| 610 | 2 | 0 | |a ekonometria |
| 610 | 2 | 0 | |a myslenie ekonomické |
| 610 | 2 | 0 | |a hospodárstvo regionálne |
| 610 | 2 | 0 | |a politika fiškálna |
| 610 | 2 | 0 | |a bohatstvo |
| 610 | 2 | 0 | |a sadzby úrokové |
| 610 | 2 | 0 | |a inflácia |
| 610 | 2 | 0 | |a migrácia |
| 700 | 1 | |a Baumöhl, Eduard, 1982- | |
| 700 | 1 | |a Výrost, Tomáš, 1978- | |
| 110 | 2 | |a Slovak Economic Association Meeting (SEAM 2017). Conference | |
| 710 | 2 | |a Slovak Economic Association | |
| 710 | 2 | |a Ekonomická univerzita v Bratislave | |
| 710 | 2 | |a Univerzita Pavla Jozefa Šafárika v Košiciach | |
| 710 | 2 | |a Technická univerzita v Košiciach | |